<?xml version="1.0" encoding="UTF-8"?>
<record
    xmlns:xsi="http://www.w3.org/2001/XMLSchema-instance"
    xsi:schemaLocation="http://www.loc.gov/MARC21/slim http://www.loc.gov/standards/marcxml/schema/MARC21slim.xsd"
    xmlns="http://www.loc.gov/MARC21/slim">

  <leader>00803nam a22002297a 4500</leader>
  <controlfield tag="003">OSt</controlfield>
  <controlfield tag="005">20260526160019.0</controlfield>
  <controlfield tag="008">260526b        |||||||| |||| 00| 0 eng d</controlfield>
  <datafield tag="022" ind1=" " ind2=" ">
    <subfield code="a">27903869</subfield>
  </datafield>
  <datafield tag="040" ind1=" " ind2=" ">
    <subfield code="a">KABU</subfield>
    <subfield code="c">KABU</subfield>
  </datafield>
  <datafield tag="050" ind1=" " ind2=" ">
    <subfield code="a">KSK12</subfield>
    <subfield code="b">.K33 2025</subfield>
  </datafield>
  <datafield tag="245" ind1=" " ind2=" ">
    <subfield code="a">Kabarak Law Review Volume 4 (2025) :</subfield>
    <subfield code="b">An African union fit for the next 25 years /</subfield>
    <subfield code="c">Kabarak University School of Law</subfield>
  </datafield>
  <datafield tag="260" ind1=" " ind2=" ">
    <subfield code="a">Nakuru, Kenya :</subfield>
    <subfield code="b">Kabarak University Press, </subfield>
    <subfield code="c">2025</subfield>
  </datafield>
  <datafield tag="300" ind1=" " ind2=" ">
    <subfield code="a">viii, 282p. ; 25cm</subfield>
  </datafield>
  <datafield tag="650" ind1=" " ind2=" ">
    <subfield code="a">Law and governance </subfield>
    <subfield code="z">Kenya</subfield>
  </datafield>
  <datafield tag="650" ind1=" " ind2=" ">
    <subfield code="a">African Union Law</subfield>
  </datafield>
  <datafield tag="650" ind1=" " ind2=" ">
    <subfield code="a">Human rights and social justice</subfield>
    <subfield code="x">Africa</subfield>
  </datafield>
  <datafield tag="650" ind1=" " ind2=" ">
    <subfield code="a">Postcolonialism and decolonisation</subfield>
    <subfield code="x">Legal perspectives</subfield>
  </datafield>
  <datafield tag="650" ind1=" " ind2=" ">
    <subfield code="a">Police accountability</subfield>
    <subfield code="z">Cameroon</subfield>
  </datafield>
  <datafield tag="700" ind1=" " ind2=" ">
    <subfield code="a">Ongiri, Elvis Mogesa</subfield>
    <subfield code="e">Editor-in-chief</subfield>
  </datafield>
  <datafield tag="942" ind1=" " ind2=" ">
    <subfield code="2">lcc</subfield>
    <subfield code="c">PER</subfield>
  </datafield>
  <datafield tag="999" ind1=" " ind2=" ">
    <subfield code="c">21655</subfield>
    <subfield code="d">21654</subfield>
  </datafield>
  <datafield tag="952" ind1=" " ind2=" ">
    <subfield code="0">0</subfield>
    <subfield code="1">0</subfield>
    <subfield code="2">lcc</subfield>
    <subfield code="7">0</subfield>
    <subfield code="a">KABU</subfield>
    <subfield code="b">KABU</subfield>
    <subfield code="c">DISPLAY</subfield>
    <subfield code="d">2026-05-26</subfield>
    <subfield code="l">0</subfield>
    <subfield code="o">KSK12 .K33 2025 C.1</subfield>
    <subfield code="p">37878</subfield>
    <subfield code="r">2026-05-26 16:01:01</subfield>
    <subfield code="t">C.1</subfield>
    <subfield code="w">2026-05-26</subfield>
    <subfield code="y">PER</subfield>
  </datafield>
  <datafield tag="952" ind1=" " ind2=" ">
    <subfield code="0">0</subfield>
    <subfield code="1">0</subfield>
    <subfield code="2">lcc</subfield>
    <subfield code="7">0</subfield>
    <subfield code="a">KABU</subfield>
    <subfield code="b">KABU</subfield>
    <subfield code="c">GEN</subfield>
    <subfield code="d">2026-06-08</subfield>
    <subfield code="e">Donation</subfield>
    <subfield code="i">2026/0036</subfield>
    <subfield code="l">0</subfield>
    <subfield code="o">KSK12 .K33 2025 C.2</subfield>
    <subfield code="p">37836</subfield>
    <subfield code="r">2026-06-08 14:55:00</subfield>
    <subfield code="t">C.2</subfield>
    <subfield code="w">2026-06-08</subfield>
    <subfield code="y">BK</subfield>
  </datafield>
  <datafield tag="952" ind1=" " ind2=" ">
    <subfield code="0">0</subfield>
    <subfield code="1">0</subfield>
    <subfield code="2">lcc</subfield>
    <subfield code="7">0</subfield>
    <subfield code="a">KABU</subfield>
    <subfield code="b">KABU</subfield>
    <subfield code="c">GEN</subfield>
    <subfield code="d">2026-06-08</subfield>
    <subfield code="e">Donation</subfield>
    <subfield code="i">2026/0039</subfield>
    <subfield code="l">0</subfield>
    <subfield code="o">KSK12 .K33 2025 C.3</subfield>
    <subfield code="p">37837</subfield>
    <subfield code="r">2026-06-08 14:55:00</subfield>
    <subfield code="t">C.3</subfield>
    <subfield code="w">2026-06-08</subfield>
    <subfield code="y">BK</subfield>
  </datafield>
  <datafield tag="952" ind1=" " ind2=" ">
    <subfield code="0">0</subfield>
    <subfield code="1">0</subfield>
    <subfield code="2">lcc</subfield>
    <subfield code="7">0</subfield>
    <subfield code="a">KABU</subfield>
    <subfield code="b">KABU</subfield>
    <subfield code="c">GEN</subfield>
    <subfield code="d">2026-06-08</subfield>
    <subfield code="e">Donation</subfield>
    <subfield code="i">2026/0050</subfield>
    <subfield code="l">0</subfield>
    <subfield code="o">KSK12 .K33 2025 C.4</subfield>
    <subfield code="p">37827</subfield>
    <subfield code="r">2026-06-08 14:55:00</subfield>
    <subfield code="t">C.4</subfield>
    <subfield code="w">2026-06-08</subfield>
    <subfield code="y">BK</subfield>
  </datafield>
  <datafield tag="952" ind1=" " ind2=" ">
    <subfield code="0">0</subfield>
    <subfield code="1">0</subfield>
    <subfield code="2">lcc</subfield>
    <subfield code="7">0</subfield>
    <subfield code="a">KABU</subfield>
    <subfield code="b">KABU</subfield>
    <subfield code="c">GEN</subfield>
    <subfield code="d">2026-06-08</subfield>
    <subfield code="e">Donation</subfield>
    <subfield code="i">2026/0050</subfield>
    <subfield code="l">0</subfield>
    <subfield code="o">KSK12 .K33 2025 C.5</subfield>
    <subfield code="p">37828</subfield>
    <subfield code="r">2026-06-08 14:55:00</subfield>
    <subfield code="t">C.5</subfield>
    <subfield code="w">2026-06-08</subfield>
    <subfield code="y">BK</subfield>
  </datafield>
  <datafield tag="952" ind1=" " ind2=" ">
    <subfield code="0">0</subfield>
    <subfield code="1">0</subfield>
    <subfield code="2">lcc</subfield>
    <subfield code="7">0</subfield>
    <subfield code="a">KABU</subfield>
    <subfield code="b">KABU</subfield>
    <subfield code="c">GEN</subfield>
    <subfield code="d">2026-06-08</subfield>
    <subfield code="e">Donation</subfield>
    <subfield code="i">2026/0042</subfield>
    <subfield code="l">0</subfield>
    <subfield code="o">KSK12 .K33 2025 C.6</subfield>
    <subfield code="p">37829</subfield>
    <subfield code="r">2026-06-08 14:55:00</subfield>
    <subfield code="t">C.6</subfield>
    <subfield code="w">2026-06-08</subfield>
    <subfield code="y">BK</subfield>
  </datafield>
  <datafield tag="952" ind1=" " ind2=" ">
    <subfield code="0">0</subfield>
    <subfield code="1">0</subfield>
    <subfield code="2">lcc</subfield>
    <subfield code="7">0</subfield>
    <subfield code="a">KABU</subfield>
    <subfield code="b">KABU</subfield>
    <subfield code="c">GEN</subfield>
    <subfield code="d">2026-06-08</subfield>
    <subfield code="e">Donation</subfield>
    <subfield code="i">2026/0040</subfield>
    <subfield code="l">0</subfield>
    <subfield code="o">KSK12 .K33 2025 C.7</subfield>
    <subfield code="p">37830</subfield>
    <subfield code="r">2026-06-08 14:55:00</subfield>
    <subfield code="t">C.7</subfield>
    <subfield code="w">2026-06-08</subfield>
    <subfield code="y">BK</subfield>
  </datafield>
  <datafield tag="952" ind1=" " ind2=" ">
    <subfield code="0">0</subfield>
    <subfield code="1">0</subfield>
    <subfield code="2">lcc</subfield>
    <subfield code="7">0</subfield>
    <subfield code="a">KABU</subfield>
    <subfield code="b">KABU</subfield>
    <subfield code="c">GEN</subfield>
    <subfield code="d">2026-06-08</subfield>
    <subfield code="e">Donation</subfield>
    <subfield code="i">2026/0035</subfield>
    <subfield code="l">0</subfield>
    <subfield code="o">KSK12 .K33 2025 C.8</subfield>
    <subfield code="p">37831</subfield>
    <subfield code="r">2026-06-08 14:55:00</subfield>
    <subfield code="t">C.8</subfield>
    <subfield code="w">2026-06-08</subfield>
    <subfield code="y">BK</subfield>
  </datafield>
  <datafield tag="952" ind1=" " ind2=" ">
    <subfield code="0">0</subfield>
    <subfield code="1">0</subfield>
    <subfield code="2">lcc</subfield>
    <subfield code="7">0</subfield>
    <subfield code="a">KABU</subfield>
    <subfield code="b">KABU</subfield>
    <subfield code="c">GEN</subfield>
    <subfield code="d">2026-06-08</subfield>
    <subfield code="e">Donation</subfield>
    <subfield code="i">2026/0033</subfield>
    <subfield code="l">0</subfield>
    <subfield code="o">KSK12 .K33 2025 C.9</subfield>
    <subfield code="p">37832</subfield>
    <subfield code="r">2026-06-08 14:55:00</subfield>
    <subfield code="t">C.9</subfield>
    <subfield code="w">2026-06-08</subfield>
    <subfield code="y">BK</subfield>
  </datafield>
  <datafield tag="952" ind1=" " ind2=" ">
    <subfield code="0">0</subfield>
    <subfield code="1">0</subfield>
    <subfield code="2">lcc</subfield>
    <subfield code="7">0</subfield>
    <subfield code="a">KABU</subfield>
    <subfield code="b">KABU</subfield>
    <subfield code="c">GEN</subfield>
    <subfield code="d">2026-06-08</subfield>
    <subfield code="e">Donation</subfield>
    <subfield code="i">2026/0034</subfield>
    <subfield code="l">0</subfield>
    <subfield code="o">KSK12 .K33 2025 C.10</subfield>
    <subfield code="p">37833</subfield>
    <subfield code="r">2026-06-08 14:55:00</subfield>
    <subfield code="t">C.10</subfield>
    <subfield code="w">2026-06-08</subfield>
    <subfield code="y">BK</subfield>
  </datafield>
  <datafield tag="952" ind1=" " ind2=" ">
    <subfield code="0">0</subfield>
    <subfield code="1">0</subfield>
    <subfield code="2">lcc</subfield>
    <subfield code="7">0</subfield>
    <subfield code="a">KABU</subfield>
    <subfield code="b">KABU</subfield>
    <subfield code="c">GEN</subfield>
    <subfield code="d">2026-06-08</subfield>
    <subfield code="e">Donation</subfield>
    <subfield code="i">2026/0048</subfield>
    <subfield code="l">0</subfield>
    <subfield code="o">KSK12 .K33 2025 C.11</subfield>
    <subfield code="p">37834</subfield>
    <subfield code="r">2026-06-08 15:04:41</subfield>
    <subfield code="t">C.11</subfield>
    <subfield code="w">2026-06-08</subfield>
    <subfield code="y">BK</subfield>
  </datafield>
  <datafield tag="952" ind1=" " ind2=" ">
    <subfield code="0">0</subfield>
    <subfield code="1">0</subfield>
    <subfield code="2">lcc</subfield>
    <subfield code="7">0</subfield>
    <subfield code="a">KABU</subfield>
    <subfield code="b">KABU</subfield>
    <subfield code="c">GEN</subfield>
    <subfield code="d">2026-06-08</subfield>
    <subfield code="e">Donation</subfield>
    <subfield code="i">2026/0046</subfield>
    <subfield code="l">0</subfield>
    <subfield code="o">KSK12 .K33 2025 C.12</subfield>
    <subfield code="p">37846</subfield>
    <subfield code="r">2026-06-08 15:04:00</subfield>
    <subfield code="t">C.12</subfield>
    <subfield code="w">2026-06-08</subfield>
    <subfield code="y">BK</subfield>
  </datafield>
  <datafield tag="952" ind1=" " ind2=" ">
    <subfield code="0">0</subfield>
    <subfield code="1">0</subfield>
    <subfield code="2">lcc</subfield>
    <subfield code="7">0</subfield>
    <subfield code="a">KABU</subfield>
    <subfield code="b">KABU</subfield>
    <subfield code="c">GEN</subfield>
    <subfield code="d">2026-06-08</subfield>
    <subfield code="e">Donation</subfield>
    <subfield code="i">2026/0049</subfield>
    <subfield code="l">0</subfield>
    <subfield code="o">KSK12 .K33 2025 C.13</subfield>
    <subfield code="p">37835</subfield>
    <subfield code="r">2026-06-08 15:04:00</subfield>
    <subfield code="t">C.13</subfield>
    <subfield code="w">2026-06-08</subfield>
    <subfield code="y">BK</subfield>
  </datafield>
  <datafield tag="952" ind1=" " ind2=" ">
    <subfield code="0">0</subfield>
    <subfield code="1">0</subfield>
    <subfield code="2">lcc</subfield>
    <subfield code="7">0</subfield>
    <subfield code="a">KABU</subfield>
    <subfield code="b">KABU</subfield>
    <subfield code="c">GEN</subfield>
    <subfield code="d">2026-06-08</subfield>
    <subfield code="e">Donation</subfield>
    <subfield code="i">2026/0038</subfield>
    <subfield code="l">0</subfield>
    <subfield code="o">KSK12 .K33 2025 C.14</subfield>
    <subfield code="p">37842</subfield>
    <subfield code="r">2026-06-08 15:04:00</subfield>
    <subfield code="t">C.14</subfield>
    <subfield code="w">2026-06-08</subfield>
    <subfield code="y">BK</subfield>
  </datafield>
  <datafield tag="952" ind1=" " ind2=" ">
    <subfield code="0">0</subfield>
    <subfield code="1">0</subfield>
    <subfield code="2">lcc</subfield>
    <subfield code="7">0</subfield>
    <subfield code="a">KABU</subfield>
    <subfield code="b">KABU</subfield>
    <subfield code="c">GEN</subfield>
    <subfield code="d">2026-06-08</subfield>
    <subfield code="e">Donation</subfield>
    <subfield code="i">2026/0032</subfield>
    <subfield code="l">0</subfield>
    <subfield code="o">KSK12 .K33 2025 C.15</subfield>
    <subfield code="p">37843</subfield>
    <subfield code="r">2026-06-08 15:04:00</subfield>
    <subfield code="t">C.15</subfield>
    <subfield code="w">2026-06-08</subfield>
    <subfield code="y">BK</subfield>
  </datafield>
  <datafield tag="952" ind1=" " ind2=" ">
    <subfield code="0">0</subfield>
    <subfield code="1">0</subfield>
    <subfield code="2">lcc</subfield>
    <subfield code="7">0</subfield>
    <subfield code="a">KABU</subfield>
    <subfield code="b">KABU</subfield>
    <subfield code="c">GEN</subfield>
    <subfield code="d">2026-06-08</subfield>
    <subfield code="e">Donation</subfield>
    <subfield code="i">2026/0047</subfield>
    <subfield code="l">0</subfield>
    <subfield code="o">KSK12 .K33 2025 C.16</subfield>
    <subfield code="p">37844</subfield>
    <subfield code="r">2026-06-08 15:04:00</subfield>
    <subfield code="t">C.16</subfield>
    <subfield code="w">2026-06-08</subfield>
    <subfield code="y">BK</subfield>
  </datafield>
  <datafield tag="952" ind1=" " ind2=" ">
    <subfield code="0">0</subfield>
    <subfield code="1">0</subfield>
    <subfield code="2">lcc</subfield>
    <subfield code="7">0</subfield>
    <subfield code="a">KABU</subfield>
    <subfield code="b">KABU</subfield>
    <subfield code="c">GEN</subfield>
    <subfield code="d">2026-06-08</subfield>
    <subfield code="e">Donation</subfield>
    <subfield code="i">2026/0043</subfield>
    <subfield code="l">0</subfield>
    <subfield code="o">KSK12 .K33 2025 C.17</subfield>
    <subfield code="p">37845</subfield>
    <subfield code="r">2026-06-08 15:04:00</subfield>
    <subfield code="t">C.17</subfield>
    <subfield code="w">2026-06-08</subfield>
    <subfield code="y">BK</subfield>
  </datafield>
  <datafield tag="952" ind1=" " ind2=" ">
    <subfield code="0">0</subfield>
    <subfield code="1">0</subfield>
    <subfield code="2">lcc</subfield>
    <subfield code="7">0</subfield>
    <subfield code="a">KABU</subfield>
    <subfield code="b">KABU</subfield>
    <subfield code="c">GEN</subfield>
    <subfield code="d">2026-06-08</subfield>
    <subfield code="e">Donation</subfield>
    <subfield code="i">2026/0041</subfield>
    <subfield code="l">0</subfield>
    <subfield code="o">KSK12 .K33 2025 C.18</subfield>
    <subfield code="p">37838</subfield>
    <subfield code="r">2026-06-08 15:04:00</subfield>
    <subfield code="t">C.18</subfield>
    <subfield code="w">2026-06-08</subfield>
    <subfield code="y">BK</subfield>
  </datafield>
  <datafield tag="952" ind1=" " ind2=" ">
    <subfield code="0">0</subfield>
    <subfield code="1">0</subfield>
    <subfield code="2">lcc</subfield>
    <subfield code="7">0</subfield>
    <subfield code="a">KABU</subfield>
    <subfield code="b">KABU</subfield>
    <subfield code="c">GEN</subfield>
    <subfield code="d">2026-06-08</subfield>
    <subfield code="e">Donation</subfield>
    <subfield code="i">2026/0037</subfield>
    <subfield code="l">0</subfield>
    <subfield code="o">KSK12 .K33 2025 C.19</subfield>
    <subfield code="p">37839</subfield>
    <subfield code="r">2026-06-08 15:04:00</subfield>
    <subfield code="t">C.19</subfield>
    <subfield code="w">2026-06-08</subfield>
    <subfield code="y">BK</subfield>
  </datafield>
  <datafield tag="952" ind1=" " ind2=" ">
    <subfield code="0">0</subfield>
    <subfield code="1">0</subfield>
    <subfield code="2">lcc</subfield>
    <subfield code="7">0</subfield>
    <subfield code="a">KABU</subfield>
    <subfield code="b">KABU</subfield>
    <subfield code="c">GEN</subfield>
    <subfield code="d">2026-06-08</subfield>
    <subfield code="e">Donation</subfield>
    <subfield code="i">2026/0045</subfield>
    <subfield code="l">0</subfield>
    <subfield code="o">KSK12 .K33 2025 C.20</subfield>
    <subfield code="p">37840</subfield>
    <subfield code="r">2026-06-08 15:04:00</subfield>
    <subfield code="t">C.20</subfield>
    <subfield code="w">2026-06-08</subfield>
    <subfield code="y">BK</subfield>
  </datafield>
  <datafield tag="952" ind1=" " ind2=" ">
    <subfield code="0">0</subfield>
    <subfield code="1">0</subfield>
    <subfield code="2">lcc</subfield>
    <subfield code="7">0</subfield>
    <subfield code="a">KABU</subfield>
    <subfield code="b">KABU</subfield>
    <subfield code="c">GEN</subfield>
    <subfield code="d">2026-06-08</subfield>
    <subfield code="e">Donation</subfield>
    <subfield code="i">2026/0031</subfield>
    <subfield code="l">0</subfield>
    <subfield code="o">KSK12 .K33 2025 C.21</subfield>
    <subfield code="p">37841</subfield>
    <subfield code="r">2026-06-08 15:04:00</subfield>
    <subfield code="t">C.21</subfield>
    <subfield code="w">2026-06-08</subfield>
    <subfield code="y">BK</subfield>
  </datafield>
</record>
